| 000 | 00914cam a2200277 a 4500 | ||
|---|---|---|---|
| 999 |
_c3902 _d3902 |
||
| 001 | 2928138 | ||
| 003 | GBCCL | ||
| 005 | 20241126110506.0 | ||
| 008 | 890519s1990 cau 001 0 eng | ||
| 010 | _a 89045747 | ||
| 020 | _a0060654449 | ||
| 040 |
_aDLC _cDLC _dDLC |
||
| 050 | 0 | 0 |
_aBV4909 _b.M37 1990 |
| 082 | 0 | 0 |
_a248.86 _220 _bMAR |
| 100 | 1 |
_aMartin, James, _d1921- _97671 |
|
| 245 | 1 | 0 |
_aSuffering man, loving God : _breflections and prayers for those who hurt / _cJames Martin. |
| 250 | _a1st ed. | ||
| 260 |
_aSan Francisco : _bHarper & Row, _cc1990. |
||
| 300 |
_a111 p. ; _c20 cm. |
||
| 500 | _aIncludes index. | ||
| 650 | 0 |
_aSuffering _vPrayers and devotions. _97672 |
|
| 650 | 0 |
_aConsolation. _9348 |
|
| 906 |
_a7 _bcbc _corignew _d1 _eocip _f19 _gy-gencatlg |
||
| 942 |
_2ddc _cBK _02 |
||